| Tag |
First Indicator |
Second Indicator |
Subfields |
| LEADER |
00000cam a2200000 a 4500 |
| 001 |
in00000604759 |
| 005 |
20151014092931.0 |
| 008 |
870225s1986 txua bs s00010 eng d |
| 035 |
|
|
|a (OCoLC)15236426
|
| 035 |
|
|
|9 ACQ9839AM
|
| 040 |
|
|
|a TXA
|c TXA
|d TXH
|d OCL
|d m/c
|d IKM
|d TXA
|d UtOrBLW
|
| 043 |
|
|
|a n-us---
|
| 049 |
|
|
|a TXAM
|c [A10910385]
|a TXAS [tamu]
|
| 086 |
|
|
|a R800.8 T199reh 1987
|2 txdocs
|
| 090 |
|
|
|a KF6535.Z9
|b H37 1986
|
| 100 |
1 |
|
|a Harris, Jack C.,
|d 1945-
|
| 245 |
1 |
0 |
|a Tax reform and the homeowner /
|c by Jack Harris.
|
| 264 |
|
1 |
|a College Station, Tex. :
|b Real Estate Center, Texas A&M University,
|c [1986]
|
| 300 |
|
|
|a iii, 13 pages ;
|c 28 cm.
|
| 336 |
|
|
|a text
|b txt
|2 rdacontent
|
| 337 |
|
|
|a unmediated
|b n
|2 rdamedia
|
| 338 |
|
|
|a volume
|b nc
|2 rdacarrier
|
| 490 |
1 |
|
|a Technical report / Texas Real Estate Research Center
|
| 500 |
|
|
|a "November 1986."
|
| 500 |
|
|
|a "1186-7.5C-545."
|
| 504 |
|
|
|a Bibliography: pages 12-13.
|
| 650 |
|
0 |
|a Real property and taxation
|z United States.
|
| 650 |
|
0 |
|a Income tax
|x Law and legislation
|z United States.
|
| 830 |
|
0 |
|a Technical report (Texas A & M University. Real Estate Center)
|
| 999 |
|
|
|a MARS
|
| 999 |
f |
f |
|s a3afada3-6b33-3115-9ff7-2e248654741f
|i 6e5a71ba-addf-3743-b489-b6ca87c07675
|t 0
|
| 952 |
f |
f |
|p noncirc
|a Texas A&M University
|b College Station
|c Cushing Memorial Library & Archives
|d Cushing: Texas A&M (Does not check out)
|t 0
|e KF6535.Z9 H37 1986
|f Vertical File
|h Library of Congress classification
|i unmediated -- volume
|
| 952 |
f |
f |
|p ric
|a Texas A&M University
|b Rellis Campus
|c Joint Library Facility
|d Remote Storage
|t 0
|e KF6535.Z9 H37 1986
|h Library of Congress classification
|i unmediated -- volume
|m A14810910385
|
| 998 |
f |
f |
|a KF6535.Z9 H37 1986
|t 0
|l Remote Storage
|
| 998 |
f |
f |
|a KF6535.Z9 H37 1986
|t 0
|l Cushing: Texas A&M (Does not check out)
|